ARRUPE JESUIT UNIVERSITY

CORONAVIRUS -STOP THE SPREAD - CLEAN,DISINFECT,COVER

The Catholic revival in English literature, 1845-1961 : (Record no. 122376)

MARC details
000 -LEADER
fixed length control field 01684pam a2200361 a 4500
001 - CONTROL NUMBER
control field 4223523
003 - CONTROL NUMBER IDENTIFIER
control field ARRUPE
005 - DATE AND TIME OF LATEST TRANSACTION
control field 20150414120054.0
008 - FIXED-LENGTH DATA ELEMENTS--GENERAL INFORMATION
fixed length control field 030603s2003 inu b 001 0 eng
010 ## - LIBRARY OF CONGRESS CONTROL NUMBER
LC control number 2003012366
015 ## - NATIONAL BIBLIOGRAPHY NUMBER
National bibliography number GBA3-U4884
020 ## - INTERNATIONAL STANDARD BOOK NUMBER
International Standard Book Number 0268038791 (alk. paper)
020 ## - INTERNATIONAL STANDARD BOOK NUMBER
International Standard Book Number 0268038805 (pbk. : alk. paper)
035 ## - SYSTEM CONTROL NUMBER
System control number (OCoLC)ocm52424035
035 ## - SYSTEM CONTROL NUMBER
System control number (NNC)4223523
040 ## - CATALOGING SOURCE
Original cataloging agency DLC
Transcribing agency DLC
Modifying agency YDX
-- UKM
-- NNC
-- OrLoB-B
043 ## - GEOGRAPHIC AREA CODE
Geographic area code e-uk-en
-- e-uk---
050 00 - LIBRARY OF CONGRESS CALL NUMBER
Classification number PR468.C3
Item number K47 2003
082 00 - DEWEY DECIMAL CLASSIFICATION NUMBER
Classification number 820.9/9222
Edition number 21
300 ## - PHYSICAL DESCRIPTION
Dimensions 24 cm.
100 1# - MAIN ENTRY--PERSONAL NAME
Personal name Ker, I. T.
Fuller form of name (Ian Turnbull)
9 (RLIN) 8021
245 14 - TITLE STATEMENT
Title The Catholic revival in English literature, 1845-1961 :
Remainder of title Newman, Hopkins, Belloc, Chesterton, Greene, Waugh /
Statement of responsibility, etc Ian Ker.
260 ## - PUBLICATION, DISTRIBUTION, ETC. (IMPRINT)
Place of publication, distribution, etc Notre Dame, Ind. :
Name of publisher, distributor, etc University of Notre Dame Press,
Date of publication, distribution, etc c2003.
300 ## - PHYSICAL DESCRIPTION
Extent ix, 231 p. ;
504 ## - BIBLIOGRAPHY, ETC. NOTE
Bibliography, etc Includes bibliographical references (p. 207-223) and index.
505 00 - FORMATTED CONTENTS NOTE
Miscellaneous information Ch. 1.
Title John Henry Newman's Discovery of Catholicism --
Miscellaneous information Ch. 2.
Title From Oxford to Liverpool: The Conversion and Poetry of Gerard Manley Hopkins --
Miscellaneous information Ch. 3.
Title Hilaire Belloc and the Catholic "Thing" --
Miscellaneous information Ch. 4.
Title The Dickensian Catholicism of G. K. Chesterton --
Miscellaneous information Ch. 5.
Title The Catholicism of Greeneland --
Miscellaneous information Ch. 6.
Title Evelyn Waugh: The Priest as Craftsman.
610 20 - SUBJECT ADDED ENTRY--CORPORATE NAME
Corporate name or jurisdiction name as entry element Catholic Church
General subdivision In literature.
9 (RLIN) 16114
650 #0 - SUBJECT ADDED ENTRY--TOPICAL TERM
Topical term or geographic name as entry element English literature
General subdivision Catholic authors
-- History and criticism.
9 (RLIN) 16115
650 #0 - SUBJECT ADDED ENTRY--TOPICAL TERM
Topical term or geographic name as entry element Christianity and literature
Geographic subdivision England
General subdivision History
Chronological subdivision 19th century.
9 (RLIN) 16116
650 #0 - SUBJECT ADDED ENTRY--TOPICAL TERM
Topical term or geographic name as entry element Catholics
Geographic subdivision England
General subdivision History
Chronological subdivision 19th century.
9 (RLIN) 16117
650 #0 - SUBJECT ADDED ENTRY--TOPICAL TERM
Topical term or geographic name as entry element Catholic literature
General subdivision History and criticism.
9 (RLIN) 97
900 ## - EQUIVALENCE OR CROSS-REFERENCE-PERSONAL NAME [LOCAL, CANADA]
Numeration TOC
942 ## - ADDED ENTRY ELEMENTS (KOHA)
Source of classification or shelving scheme Library of Congress Classification
Koha item type Monograph ( Printed materials)
Holdings
Withdrawn status Lost status Source of classification or shelving scheme Damaged status Not for loan Collection code Home library Current library Shelving location Date acquired Total Checkouts Full call number Barcode Date last seen Price effective from Koha item type
    Library of Congress Classification     Main Collection ARRUPE LIBRARY ARRUPE LIBRARY Main Collection 10/03/2015   PR468.C3 K47 2003 46003074833 10/03/2015 10/03/2015 Monograph ( Printed materials)

 

Arrupe Library. PO Box MP320 Mt Pleasant, Harare, Zimbabwe
263 242 745411|librarian@aju.ac.zw